000
00303pam a2200133 a 4500
020
_c
041
_h
082
_a
688.8
_b
GOR
100
_a
Stacey King Gordon.
245
_a
Packging Makeovers
_h
Textual Documents
260
_a
[s.l]:
_b
Blackpart Publishers
300
_a
160:
_b
Hard.
930
_a
5630
999
_c
239420
_d
239420